[Event "GBR-ch110 Over 65"]
[Site "Hull"]
[Date "2024.08.03"]
[Round "6.18"]
[White "Pugh, Glyn D"]
[Black "Hutchinson, Norman A"]
[Result "0-1"]
[WhiteElo "1856"]
[BlackElo "1955"]
[PlyCount "54"]
[EventDate "2024.07.29"]
[EventType "swiss"]
[EventRounds "7"]
[EventCountry "GBR"]
[SourceTitle "BritBase"]
[Source "John Saunders"]
[SourceDate "2025.02.20"]
[SourceVersion "1"]
[SourceVersionDate "2025.02.20"]
[SourceQuality "1"]

1. d4 Nf6 2. c4 e6 3. g3 d5 4. Bg2 Bb4+ 5. Nd2 O-O 6. cxd5 exd5 7. Ngf3 Re8 8. O-O Nbd7 9. a3 Bf8 10. Nb1 Ne4 11. Nc3 Nxc3 12. bxc3 Nb6 13. Qc2 g6 14. Bg5 f6 15. Bf4 Bf5 16. Qa2 g5 17. Bc1 Nc4 18. Re1 c6 19. Nd2 Nd6 20. f3 Nb5 21. Qb3 Qa5 22. e4 Be6 23. e5 Qxc3 24. Qxc3 Nxc3 25. exf6 Bf5 26. Re5 Ne2+ 27. Kf2 Nxd4 0-1

[Event "GBR-ch110 Over 65"]
[Site "Hull"]
[Date "2024.08.03"]
[Round "6.19"]
[White "Lawson, Maurice E"]
[Black "Stevens, Brian"]
[Result "1-0"]
[WhiteElo "1953"]
[BlackElo "1812"]
[PlyCount "57"]
[EventDate "2024.07.29"]
[EventType "swiss"]
[EventRounds "7"]
[EventCountry "GBR"]
[SourceTitle "BritBase"]
[Source "John Saunders"]
[SourceDate "2025.02.20"]
[SourceVersion "1"]
[SourceVersionDate "2025.02.20"]
[SourceQuality "1"]

1. e4 c5 2. Nc3 a6 3. f4 Nc6 4. Nf3 e6 5. d3 Nge7 6. g3 Nd4 7. Bg2 Nec6 8. O-O d6 9. Ne2 Nxe2+ 10. Qxe2 Be7 11. c3 O-O 12. h3 d5 13. e5 d4 14. c4 Rb8 15. Nd2 Bd7 16. Kh2 b5 17. b3 Nb4 18. Ne4 bxc4 19. bxc4 Nc6 20. g4 f5 21. exf6 gxf6 22. Nxc5 Bxc5 23. Bxc6 e5 24. Bd5+ Kh8 25. fxe5 Qc7 26. Bf4 Rfe8 27. Qe4 fxe5 28. Bg5 Be7 29. Rf7 1-0

[Event "GBR-ch110 Over 65"]
[Site "Hull"]
[Date "2024.08.03"]
[Round "6.21"]
[White "Vickery, Jim E"]
[Black "Walkowiak, Adam"]
[Result "1/2-1/2"]
[WhiteElo "1923"]
[BlackElo "1722"]
[PlyCount "68"]
[EventDate "2024.07.29"]
[EventType "swiss"]
[EventRounds "7"]
[EventCountry "GBR"]
[SourceTitle "BritBase"]
[Source "John Saunders"]
[SourceDate "2025.02.20"]
[SourceVersion "1"]
[SourceVersionDate "2025.02.20"]
[SourceQuality "1"]

1. d4 d5 2. Nf3 Nf6 3. c4 dxc4 4. Nc3 e6 5. e4 c5 6. Bg5 h6 7. Bxf6 Qxf6 8. Bxc4 cxd4 9. Qxd4 Qxd4 10. Nxd4 a6 11. e5 Bc5 12. Nb3 Ba7 13. Ne4 b5 14. Nd6+ Ke7 15. Bd3 Nc6 16. Be4 Bd7 17. f4 f5 18. Bf3 Rab8 19. g3 Nd4 20. Nxd4 Bxd4 21. O-O-O Bc5 22. Kb1 Rb6 23. Nb7 Bc6 24. Bxc6 Rxc6 25. Nxc5 Rxc5 26. Rd6 a5 27. Rhd1 Rhc8 28. Rd7+ Kf8 29. Rd8+ Rxd8 30. Rxd8+ Ke7 31. Ra8 b4 32. Ra7+ Kf8 33. Ra8+ Ke7 34. Ra7+ Kf8 1/2-1/2

[Event "GBR-ch110 Over 65"]
[Site "Hull"]
[Date "2024.08.03"]
[Round "6.22"]
[White "Dennis, Nigel W"]
[Black "Sheppard, Derek A"]
[Result "1-0"]
[WhiteElo "1865"]
[BlackElo "1785"]
[PlyCount "35"]
[EventDate "2024.07.29"]
[EventType "swiss"]
[EventRounds "7"]
[EventCountry "GBR"]
[SourceTitle "BritBase"]
[Source "John Saunders"]
[SourceDate "2025.02.20"]
[SourceVersion "1"]
[SourceVersionDate "2025.02.20"]
[SourceQuality "1"]

1. e4 e6 2. d4 d5 3. Nc3 Nf6 4. Bg5 dxe4 5. Nxe4 Be7 6. Bxf6 gxf6 7. c3 c6 8. Ne2 b6 9. Nf4 f5 10. Nd2 Bb7 11. Qh5 Bf6 12. O-O-O Qd6 13. Nd3 Nd7 14. Nc4 Qe7 15. Nde5 Nf8 16. Nd6+ Kd8 17. Nxb7+ Qxb7 18. Nxf7+ 1-0

[Event "GBR-ch110 Over 65"]
[Site "Hull"]
[Date "2024.08.03"]
[Round "6.23"]
[White "Kelly, Ian G"]
[Black "Collins, Nigel"]
[Result "1-0"]
[WhiteElo "1973"]
[BlackElo "1631"]
[PlyCount "99"]
[EventDate "2024.07.29"]
[EventType "swiss"]
[EventRounds "7"]
[EventCountry "GBR"]
[SourceTitle "BritBase"]
[Source "John Saunders"]
[SourceDate "2025.02.20"]
[SourceVersion "1"]
[SourceVersionDate "2025.02.20"]
[SourceQuality "1"]

1. Nf3 Nf6 2. c4 g6 3. g3 Bg7 4. Bg2 O-O 5. O-O c6 6. Nc3 d5 7. b3 dxc4 8. bxc4 Ne4 9. Qb3 Qb6 10. Ba3 Qxb3 11. axb3 Nxc3 12. dxc3 Bxc3 13. Rad1 Bf6 14. e4 Re8 15. e5 Bg7 16. Bxe7 Nd7 17. Bd6 f6 18. exf6 Nxf6 19. b4 Bf5 20. Nd4 Rad8 21. Nxf5 gxf5 22. c5 Ne4 23. Bh3 Nxd6 24. cxd6 Rf8 25. Rfe1 Rd7 26. Re7 Rxe7 27. dxe7 Re8 28. Rd7 Kf7 29. Rxb7 Rxe7 30. Rxe7+ Kxe7 31. Bxf5 h6 32. Bd3 Kd6 33. f4 c5 34. bxc5+ Kxc5 35. Kg2 a5 36. Bg6 a4 37. Kf3 a3 38. Bf7 Kb4 39. Ke4 Kc3 40. Kf5 Bd4 41. h3 Bf2 42. g4 Be3 43. g5 hxg5 44. fxg5 Bd4 45. h4 Kb2 46. h5 a2 47. Bxa2 Kxa2 48. h6 Kb3 49. g6 Be3 50. g7 1-0

[Event "GBR-ch110 Over 65"]
[Site "Hull"]
[Date "2024.08.03"]
[Round "6.24"]
[White "Tidmarsh, David A"]
[Black "Clancy, Martin J"]
[Result "0-1"]
[WhiteElo "1839"]
[BlackElo "1815"]
[PlyCount "80"]
[EventDate "2024.07.29"]
[EventType "swiss"]
[EventRounds "7"]
[EventCountry "GBR"]
[SourceTitle "BritBase"]
[Source "John Saunders"]
[SourceDate "2025.02.20"]
[SourceVersion "1"]
[SourceVersionDate "2025.02.20"]
[SourceQuality "1"]

1. e4 c5 2. Nf3 d6 3. d4 cxd4 4. Nxd4 Nf6 5. Nc3 a6 6. f3 g6 7. Be3 Bg7 8. Qd2 b5 9. a3 Bb7 10. g4 Nc6 11. Nxc6 Bxc6 12. O-O-O Rb8 13. Nd5 a5 14. c3 b4 15. cxb4 Nxd5 16. exd5 Ba4 17. Bd3 axb4 18. axb4 Qc7+ 19. Kb1 Bxd1 20. Rxd1 Qb7 21. Bc4 Qxb4 22. Qxb4 Rxb4 23. b3 O-O 24. Bd2 Rb7 25. h4 Ra8 26. Kc2 Bd4 27. Kd3 Ra1 28. Rxa1 Bxa1 29. f4 Kf8 30. Ke4 Bb2 31. f5 Kg7 32. Be3 Be5 33. h5 gxh5 34. gxh5 Kf6 35. Bd2 Rb8 36. Be3 Bc3 37. h6 Rg8 38. Be2 Rg2 39. Bh5 Rh2 40. Bf3 Bd2 0-1

[Event "GBR-ch110 Over 65"]
[Site "Hull"]
[Date "2024.08.03"]
[Round "6.25"]
[White "Georgiou, Denis"]
[Black "Hall, Alan A"]
[Result "1-0"]
[WhiteElo "1854"]
[BlackElo "1801"]
[PlyCount "65"]
[EventDate "2024.07.29"]
[EventType "swiss"]
[EventRounds "7"]
[EventCountry "GBR"]
[SourceTitle "BritBase"]
[Source "John Saunders"]
[SourceDate "2025.02.20"]
[SourceVersion "1"]
[SourceVersionDate "2025.02.20"]
[SourceQuality "1"]

1. e4 e5 2. Nf3 Nf6 3. Nxe5 d6 4. Nf3 Nxe4 5. Nc3 Nxc3 6. dxc3 Be7 7. Be3 Nc6 8. Qd2 Be6 9. O-O-O Qd7 10. Kb1 a6 11. h3 O-O-O 12. Nd4 Kb8 13. Nxe6 fxe6 14. Be2 Bf6 15. Rhe1 Rhe8 16. g3 e5 17. Bg4 Qf7 18. Bf3 e4 19. Bg2 d5 20. f3 h6 21. fxe4 dxe4 22. Qf2 Rxd1+ 23. Rxd1 Na5 24. Ba7+ Kc8 25. h4 b6 26. Bxb6 cxb6 27. Qxb6 Qb7 28. Qxa5 Kb8 29. Rd6 Ka7 30. Bf1 e3 31. Rxa6+ Kb8 32. Rb6 e2 33. Rxb7+ 1-0

[Event "GBR-ch110 Over 65"]
[Site "Hull"]
[Date "2024.08.03"]
[Round "6.26"]
[White "Winter, Malcolm J"]
[Black "Di Mattia, Luciano DM"]
[Result "1-0"]
[WhiteElo "1776"]
[BlackElo "1674"]
[PlyCount "107"]
[EventDate "2024.07.29"]
[EventType "swiss"]
[EventRounds "7"]
[EventCountry "GBR"]
[SourceTitle "BritBase"]
[Source "John Saunders"]
[SourceDate "2025.02.20"]
[SourceVersion "1"]
[SourceVersionDate "2025.02.20"]
[SourceQuality "1"]

1. d4 d6 2. Nf3 Nf6 3. e3 Nbd7 4. Nbd2 e5 5. dxe5 dxe5 6. e4 Bc5 7. Be2 O-O 8. O-O b6 9. c3 Bb7 10. b4 Bd6 11. Qc2 a5 12. a3 axb4 13. cxb4 Bxb4 14. Bb2 Bxd2 15. Nxd2 Re8 16. Rfd1 c5 17. f3 Qc7 18. Nc4 Re6 19. Ne3 Ba6 20. Bxa6 Rxa6 21. Rd2 g6 22. Rad1 h5 23. Qc4 Ra8 24. Nd5 Nxd5 25. Rxd5 Nf6 26. R5d3 Rae8 27. Bc1 Kg7 28. Bg5 Nh7 29. Bc1 R8e7 30. Bb2 Nf8 31. Qc1 Rd7 32. Rd5 Rxd5 33. exd5 Re8 34. d6 Qc6 35. f4 Nd7 36. fxe5 Re6 37. Qf4 Qb5 38. Rf1 f6 39. exf6+ Kf7 40. Qh6 Nxf6 41. Bxf6 Qxf1+ 42. Kxf1 Rxf6+ 43. Ke2 Rxd6 44. Qh7+ Ke8 45. Qc7 Rf6 46. Kd3 Kf8 47. a4 Ke8 48. Qe5+ Kf7 49. Kc4 Re6 50. Qc7+ Kf6 51. Kb5 Kf5 52. g3 Kf6 53. h4 Kf5 54. Qf4# 1-0

[Event "GBR-ch110 Over 65"]
[Site "Hull"]
[Date "2024.08.04"]
[Round "7.1"]
[White "James, Geoffrey H"]
[Black "Pritchett, Craig W"]
[Result "1/2-1/2"]
[WhiteElo "2059"]
[BlackElo "2186"]
[PlyCount "45"]
[EventDate "2024.07.29"]
[EventType "swiss"]
[EventRounds "7"]
[EventCountry "GBR"]
[SourceTitle "BritBase"]
[Source "John Saunders"]
[SourceDate "2025.02.20"]
[SourceVersion "1"]
[SourceVersionDate "2025.02.20"]
[SourceQuality "1"]

1. c4 c5 2. g3 g6 3. Bg2 Bg7 4. Nc3 Nc6 5. d3 d6 6. e3 e5 7. Nge2 Nge7 8. O-O h5 9. h3 h4 10. g4 g5 11. Bd5 f5 12. f3 Nb4 13. e4 Nbxd5 14. Nxd5 Nxd5 15. cxd5 f4 16. Nc3 Bd7 17. a4 O-O 18. Qb3 b6 19. Bd2 a6 20. Qc4 Qb8 21. Rfb1 Rc8 22. b4 Bf6 23. b5 1/2-1/2

[Event "GBR-ch110 Over 65"]
[Site "Hull"]
[Date "2024.08.04"]
[Round "7.2"]
[White "Smith, Andrew P"]
[Black "Chapman, Terry PD"]
[Result "1-0"]
[WhiteElo "2037"]
[BlackElo "2287"]
[PlyCount "75"]
[EventDate "2024.07.29"]
[EventType "swiss"]
[EventRounds "7"]
[EventCountry "GBR"]
[SourceTitle "BritBase"]
[Source "John Saunders"]
[SourceDate "2025.02.20"]
[SourceVersion "1"]
[SourceVersionDate "2025.02.20"]
[SourceQuality "1"]

1. e4 c6 2. d4 d5 3. e5 Bf5 4. c4 e6 5. Nc3 Bb4 6. Nge2 dxc4 7. Ng3 Qd5 8. Nh5 Kf8 9. Be2 Ne7 10. O-O Qa5 11. Bd2 Qd8 12. Bg5 h6 13. Bh4 b5 14. a4 Bxc3 15. bxc3 a5 16. f4 Qe8 17. g4 Bh7 18. axb5 cxb5 19. Bf3 Ra7 20. d5 Nxd5 21. f5 Rd7 22. Qd4 Kg8 23. Qc5 Rc7 24. Qf2 Nc6 25. Bxd5 exd5 26. Bf6 g6 27. Qf4 gxh5 28. Qxh6 Qf8 29. Qg5+ Bg6 30. Bxh8 Kxh8 31. fxg6 Qc5+ 32. Kh1 fxg6 33. Qh6+ Kg8 34. Qxg6+ Rg7 35. Qe8+ Kh7 36. Qxh5+ Kg8 37. Qe8+ Kh7 38. Rf8 1-0

[Event "GBR-ch110 Over 65"]
[Site "Hull"]
[Date "2024.08.04"]
[Round "7.3"]
[White "Kilgour, David"]
[Black "Shephard, Chris CW"]
[Result "1-0"]
[WhiteElo "2165"]
[BlackElo "2156"]
[PlyCount "43"]
[EventDate "2024.07.29"]
[EventType "swiss"]
[EventRounds "7"]
[EventCountry "GBR"]
[SourceTitle "BritBase"]
[Source "John Saunders"]
[SourceDate "2025.02.20"]
[SourceVersion "1"]
[SourceVersionDate "2025.02.20"]
[SourceQuality "1"]

1. e4 g6 2. d4 c6 3. Nc3 d5 4. Be3 Qb6 5. exd5 Qxb2 6. Nge2 Nf6 7. Rb1 Qa3 8. dxc6 Nxc6 9. d5 Nb8 10. Nb5 Qa5+ 11. Bd2 Qd8 12. Bf4 Na6 13. d6 Bg7 14. dxe7 Qxd1+ 15. Rxd1 Kxe7 16. Bd6+ Ke8 17. Nec3 Be6 18. Be2 Nd7 19. Ne4 f5 20. Ng5 Bg8 21. Ba3 Be5 22. Nf3 1-0

[Event "GBR-ch110 Over 65"]
[Site "Hull"]
[Date "2024.08.04"]
[Round "7.4"]
[White "Hughes, Roy"]
[Black "Clark, Robert G"]
[Result "1/2-1/2"]
[WhiteElo "1980"]
[BlackElo "2076"]
[PlyCount "26"]
[EventDate "2024.07.29"]
[EventType "swiss"]
[EventRounds "7"]
[EventCountry "GBR"]
[SourceTitle "BritBase"]
[Source "John Saunders"]
[SourceDate "2025.02.20"]
[SourceVersion "1"]
[SourceVersionDate "2025.02.20"]
[SourceQuality "1"]

1. d4 Nf6 2. Bf4 c5 3. d5 d6 4. c4 g6 5. Nc3 Bg7 6. e3 O-O 7. h3 Qa5 8. Bd3 Rd8 9. Nge2 e5 10. Bg5 Nbd7 11. O-O Re8 12. Rc1 a6 13. Qa4 Qxa4 1/2-1/2

[Event "GBR-ch110 Over 65"]
[Site "Hull"]
[Date "2024.08.04"]
[Round "7.5"]
[White "Jackson, Oliver A"]
[Black "Hutchinson, Paul A"]
[Result "0-1"]
[WhiteElo "2075"]
[BlackElo "2005"]
[PlyCount "104"]
[EventDate "2024.07.29"]
[EventType "swiss"]
[EventRounds "7"]
[EventCountry "GBR"]
[SourceTitle "BritBase"]
[Source "John Saunders"]
[SourceDate "2025.02.20"]
[SourceVersion "1"]
[SourceVersionDate "2025.02.20"]
[SourceQuality "1"]

1. e4 d6 2. Nc3 Nf6 3. f4 c6 4. Nf3 Bg4 5. h3 Bxf3 6. Qxf3 Nbd7 7. a4 e6 8. d3 d5 9. g4 Bb4 10. Bd2 Qb6 11. g5 Ng8 12. Bg2 d4 13. Ne2 Bxd2+ 14. Kxd2 Qb4+ 15. Kc1 Nc5 16. a5 Ne7 17. Qf2 O-O-O 18. Qe1 Qb5 19. h4 Na6 20. Kb1 c5 21. Nc1 Nc6 22. h5 Nab4 23. f5 e5 24. f6 gxf6 25. gxf6 Kb8 26. Bf1 Rhg8 27. Qf2 Rg5 28. Rg1 Rdg8 29. Rxg5 Rxg5 30. h6 Nd8 31. Qh4 Rg6 32. Qh5 Qe8 33. Bh3 Ndc6 34. c3 dxc3 35. bxc3 Na6 36. Bf5 Rxf6 37. Ra2 Nc7 38. Rg2 Nxa5 39. Bxh7 Rb6+ 40. Rb2 Nb5 41. Ne2 c4 42. d4 exd4 43. Qh3 d3 44. Kc1 dxe2 45. Rxe2 Nb3+ 46. Kd1 Rd6+ 47. Ke1 Qh8 48. e5 Re6 49. Qf5 Rxh6 50. Qxf7 Rxh7 51. Qxc4 Rh1+ 52. Kf2 Qh2+ 0-1

[Event "GBR-ch110 Over 65"]
[Site "Hull"]
[Date "2024.08.04"]
[Round "7.6"]
[White "Giulian, Philip M"]
[Black "Burnett, Jim"]
[Result "1/2-1/2"]
[WhiteElo "2070"]
[BlackElo "2039"]
[PlyCount "61"]
[EventDate "2024.07.29"]
[EventType "swiss"]
[EventRounds "7"]
[EventCountry "GBR"]
[SourceTitle "BritBase"]
[Source "John Saunders"]
[SourceDate "2025.02.20"]
[SourceVersion "1"]
[SourceVersionDate "2025.02.20"]
[SourceQuality "1"]

1. d4 d5 2. c4 e6 3. Nc3 c6 4. Nf3 dxc4 5. e4 b5 6. Be2 Bb7 7. O-O Nf6 8. Qc2 Be7 9. Rb1 O-O 10. b3 cxb3 11. Rxb3 a6 12. Bg5 h6 13. Bh4 Nbd7 14. e5 Nd5 15. Bxe7 Qxe7 16. Ne4 Rab8 17. Rc1 Rfc8 18. Nfd2 c5 19. Nxc5 Nxc5 20. dxc5 Nf4 21. Bf1 Qg5 22. g3 Ng6 23. Re3 Qd8 24. f4 Ne7 25. Ne4 Qd4 26. Qd3 Rd8 27. Nd6 Qxd3 28. Rxd3 Bd5 29. Bg2 Bxg2 30. Kxg2 Nc6 31. Rcd1 1/2-1/2

[Event "GBR-ch110 Over 65"]
[Site "Hull"]
[Date "2024.08.04"]
[Round "7.7"]
[White "Dilleigh, Stephen P"]
[Black "Moore, Gerald"]
[Result "1-0"]
[WhiteElo "1985"]
[BlackElo "2057"]
[PlyCount "57"]
[EventDate "2024.07.29"]
[EventType "swiss"]
[EventRounds "7"]
[EventCountry "GBR"]
[SourceTitle "BritBase"]
[Source "John Saunders"]
[SourceDate "2025.02.20"]
[SourceVersion "1"]
[SourceVersionDate "2025.02.20"]
[SourceQuality "1"]

1. Nf3 f5 2. g3 Nf6 3. Bg2 g6 4. d4 Bg7 5. O-O O-O 6. Nbd2 d6 7. c3 Nc6 8. b4 Qe8 9. Qb3+ Kh8 10. d5 Nd8 11. Bb2 e5 12. dxe6 Bxe6 13. c4 Bg8 14. Qc2 c6 15. Rfe1 d5 16. cxd5 Bxd5 17. e4 fxe4 18. Ng5 Qe7 19. Bc3 Nf7 20. Ndxe4 Nxe4 21. Nxe4 Ne5 22. f4 Ng4 23. Ng5 Qc7 24. Bxd5 Qb6+ 25. Kg2 cxd5 26. Bxg7+ Kxg7 27. Ne6+ Kg8 28. Nxf8 Rxf8 29. Qe2 1-0

[Event "GBR-ch110 Over 65"]
[Site "Hull"]
[Date "2024.08.04"]
[Round "7.8"]
[White "Binks, Michael E"]
[Black "Punnett, Alan K"]
[Result "1-0"]
[WhiteElo "2003"]
[BlackElo "1968"]
[PlyCount "71"]
[EventDate "2024.07.29"]
[EventType "swiss"]
[EventRounds "7"]
[EventCountry "GBR"]
[SourceTitle "BritBase"]
[Source "John Saunders"]
[SourceDate "2025.02.20"]
[SourceVersion "1"]
[SourceVersionDate "2025.02.20"]
[SourceQuality "1"]

1. d4 Nf6 2. c4 e6 3. Nc3 Bb4 4. Qc2 O-O 5. a3 Bxc3+ 6. Qxc3 b5 7. cxb5 c6 8. Bg5 cxb5 9. e3 Bb7 10. f3 Qb6 11. Bxf6 gxf6 12. Bd3 Nc6 13. Ne2 Rac8 14. Qd2 b4 15. O-O Qa5 16. axb4 Qxb4 17. Qxb4 Nxb4 18. Rxa7 Bc6 19. Bb1 Bb5 20. Kf2 Nd3+ 21. Bxd3 Bxd3 22. Rd1 Bc2 23. Rd2 d5 24. b4 Rc4 25. Rb7 Ra8 26. Nf4 h6 27. Nh5 f5 28. Nf6+ Kg7 29. Nd7 Ra1 30. Ne5 Rc3 31. Rxf7+ Kg8 32. Re7 Rb1 33. Rxe6 Rxb4 34. Nd7 Rc7 35. Nc5 Bb1 36. Na6 1-0

[Event "GBR-ch110 Over 65"]
[Site "Hull"]
[Date "2024.08.04"]
[Round "7.9"]
[White "Spanton, Tim R"]
[Black "Wager, John D"]
[Result "1/2-1/2"]
[WhiteElo "1928"]
[BlackElo "2035"]
[PlyCount "90"]
[EventDate "2024.07.29"]
[EventType "swiss"]
[EventRounds "7"]
[EventCountry "GBR"]
[SourceTitle "BritBase"]
[Source "John Saunders"]
[SourceDate "2025.02.20"]
[SourceVersion "1"]
[SourceVersionDate "2025.02.20"]
[SourceQuality "1"]

1. e4 d5 2. exd5 Qxd5 3. Nc3 Qd6 4. d4 Nf6 5. Nf3 c6 6. g3 Bf5 7. Bf4 Qb4 8. Qd2 e6 9. O-O-O Nbd7 10. Nh4 Bg4 11. f3 Bh5 12. g4 Bg6 13. Nxg6 hxg6 14. h4 Be7 15. Bg2 Nb6 16. a3 Qa5 17. Ne4 Qxd2+ 18. Nxd2 Nfd5 19. Bg3 Ne3 20. Rdg1 O-O-O 21. c3 Rh7 22. f4 Rdh8 23. Nf3 Nxg4 24. Ng5 Bxg5 25. fxg5 Ne3 26. Be4 Nf5 27. Bxf5 gxf5 28. Re1 Kd7 29. Re5 Nd5 30. Rf1 Ne7 31. Ra5 a6 32. c4 Ra8 33. Kd2 b6 34. Ra4 b5 35. Ra5 Ng6 36. cxb5 cxb5 37. a4 f4 38. Bxf4 Rxh4 39. Be5 Nxe5 40. dxe5 Rh2+ 41. Ke3 Ke7 42. axb5 Rxb2 43. bxa6 Ra7 44. Kd4 Rb6 45. Rfa1 Rc6 1/2-1/2

[Event "GBR-ch110 Over 65"]
[Site "Hull"]
[Date "2024.08.04"]
[Round "7.10"]
[White "Collinson, Mark I"]
[Black "Hodge, Steve R"]
[Result "1/2-1/2"]
[WhiteElo "1899"]
[BlackElo "1962"]
[PlyCount "40"]
[EventDate "2024.07.29"]
[EventType "swiss"]
[EventRounds "7"]
[EventCountry "GBR"]
[SourceTitle "BritBase"]
[Source "John Saunders"]
[SourceDate "2025.02.20"]
[SourceVersion "1"]
[SourceVersionDate "2025.02.20"]
[SourceQuality "1"]

1. d4 f5 2. Nf3 Nf6 3. h3 d5 4. Bf4 e6 5. e3 Bd6 6. Bxd6 cxd6 7. c4 Nc6 8. Nc3 dxc4 9. Bxc4 d5 10. Bd3 Bd7 11. Qb3 Qa5 12. O-O O-O 13. Rac1 Qb4 14. Qxb4 Nxb4 15. Bb1 Rac8 16. a3 Na6 17. Bd3 Nc7 18. Ne5 Rfd8 19. Rc2 Nce8 20. Rfc1 Nd6 1/2-1/2

[Event "GBR-ch110 Over 65"]
[Site "Hull"]
[Date "2024.08.04"]
[Round "7.11"]
[White "Myall, Ivan J"]
[Black "Fryer, David W"]
[Result "1/2-1/2"]
[WhiteElo "1935"]
[BlackElo "1916"]
[PlyCount "76"]
[EventDate "2024.07.29"]
[EventType "swiss"]
[EventRounds "7"]
[EventCountry "GBR"]
[SourceTitle "BritBase"]
[Source "John Saunders"]
[SourceDate "2025.02.20"]
[SourceVersion "1"]
[SourceVersionDate "2025.02.20"]
[SourceQuality "1"]

1. e4 Nf6 2. Nc3 d6 3. d4 e5 4. Nf3 Nbd7 5. Bc4 Be7 6. O-O c6 7. a4 a5 8. Bb3 O-O 9. h3 exd4 10. Qxd4 Nc5 11. Ba2 Qc7 12. Re1 Be6 13. Bxe6 Nxe6 14. Qc4 Nd7 15. Be3 Ne5 16. Qe2 Bf6 17. Nd4 Nxd4 18. Bxd4 Nf3+ 19. Qxf3 Bxd4 20. Nd1 Rad8 21. c3 Bc5 22. Ne3 Rfe8 23. Nf5 Re6 24. Rad1 Kh8 25. Qg3 Rg6 26. Qh4 Re8 27. Rd3 d5 28. Red1 Rge6 29. Qg5 f6 30. Qg3 Qxg3 31. Nxg3 dxe4 32. Rd7 e3 33. fxe3 Rxe3 34. Kh2 g6 35. Rxb7 Re1 36. Rdd7 Bg1+ 37. Kh1 Bf2+ 38. Kh2 Bg1+ 1/2-1/2

[Event "GBR-ch110 Over 65"]
[Site "Hull"]
[Date "2024.08.04"]
[Round "7.12"]
[White "Jackson, Sheila"]
[Black "Habershon, Paul F"]
[Result "1-0"]
[WhiteElo "1988"]
[BlackElo "1936"]
[PlyCount "57"]
[EventDate "2024.07.29"]
[EventType "swiss"]
[EventRounds "7"]
[EventCountry "GBR"]
[SourceTitle "BritBase"]
[Source "John Saunders"]
[SourceDate "2025.02.20"]
[SourceVersion "1"]
[SourceVersionDate "2025.02.20"]
[SourceQuality "1"]

1. e4 Nf6 2. e5 Nd5 3. d4 d6 4. Nf3 Bg4 5. Be2 c6 6. Ng5 Bxe2 7. Qxe2 dxe5 8. dxe5 e6 9. O-O Nd7 10. c4 Ne7 11. Nc3 Nf5 12. Rd1 Be7 13. Nf3 Qc7 14. g4 Nh4 15. Nxh4 Bxh4 16. f4 O-O-O 17. Ne4 Nxe5 18. fxe5 Rxd1+ 19. Qxd1 Qxe5 20. Nd6+ Kb8 21. Nxf7 Qc5+ 22. Kh1 Rf8 23. Bf4+ Ka8 24. Bd6 Qxc4 25. Bxf8 Qe4+ 26. Kg1 Qe3+ 27. Kg2 Qf2+ 28. Kh1 Qxf7 29. Qf1 1-0

[Event "GBR-ch110 Over 65"]
[Site "Hull"]
[Date "2024.08.04"]
[Round "7.13"]
[White "Guilfoyle, John M"]
[Black "Dennis, Nigel W"]
[Result "1/2-1/2"]
[WhiteElo "1987"]
[BlackElo "1865"]
[PlyCount "59"]
[EventDate "2024.07.29"]
[EventType "swiss"]
[EventRounds "7"]
[EventCountry "GBR"]
[SourceTitle "BritBase"]
[Source "John Saunders"]
[SourceDate "2025.02.20"]
[SourceVersion "1"]
[SourceVersionDate "2025.02.20"]
[SourceQuality "1"]

1. d4 Nf6 2. c4 g6 3. Nc3 Bg7 4. e4 d6 5. Nf3 O-O 6. Be2 e5 7. d5 Nbd7 8. Bg5 a5 9. Nd2 Nc5 10. O-O b6 11. b3 Qd7 12. a3 Bb7 13. b4 axb4 14. axb4 Rxa1 15. Qxa1 Ra8 16. Qb2 Na4 17. Nxa4 Qxa4 18. f3 Nd7 19. Nb1 Qa2 20. Qxa2 Rxa2 21. Nc3 Rb2 22. Rb1 Rxb1+ 23. Nxb1 f6 24. Be3 Kf7 25. c5 bxc5 26. Bb5 Ke7 27. Bxd7 Kxd7 28. bxc5 c6 29. dxc6+ Kxc6 30. cxd6 1/2-1/2

[Event "GBR-ch110 Over 65"]
[Site "Hull"]
[Date "2024.08.04"]
[Round "7.14"]
[White "De Coverly, Roger D"]
[Black "Sugden, John N"]
[Result "1/2-1/2"]
[WhiteElo "1902"]
[BlackElo "1959"]
[PlyCount "62"]
[EventDate "2024.07.29"]
[EventType "swiss"]
[EventRounds "7"]
[EventCountry "GBR"]
[SourceTitle "BritBase"]
[Source "John Saunders"]
[SourceDate "2025.02.20"]
[SourceVersion "1"]
[SourceVersionDate "2025.02.20"]
[SourceQuality "1"]

1. e4 c5 2. Nf3 d6 3. g3 Nc6 4. Bg2 g6 5. O-O Bg7 6. d3 e5 7. a4 Nge7 8. c3 O-O 9. Na3 Kh8 10. Rb1 f5 11. b4 cxb4 12. cxb4 Be6 13. Nc4 Qd7 14. b5 Nd8 15. exf5 Bxf5 16. Ba3 Nf7 17. Re1 Rad8 18. Qb3 Bg4 19. Ne3 Be6 20. Qb4 Rfe8 21. h4 d5 22. Rbd1 d4 23. Nc4 Nd5 24. Qb3 Nb6 25. Qb4 Bf8 26. Qb1 Bxa3 27. Nxa3 Bg4 28. Rc1 Nxa4 29. Qb4 Nc3 30. Qb2 Bf5 31. Bf1 Qd5 1/2-1/2

[Event "GBR-ch110 Over 65"]
[Site "Hull"]
[Date "2024.08.04"]
[Round "7.15"]
[White "Hutchinson, Norman A"]
[Black "Matthews, Gabriel"]
[Result "1-0"]
[WhiteElo "1955"]
[BlackElo "1917"]
[PlyCount "119"]
[EventDate "2024.07.29"]
[EventType "swiss"]
[EventRounds "7"]
[EventCountry "GBR"]
[SourceTitle "BritBase"]
[Source "John Saunders"]
[SourceDate "2025.02.20"]
[SourceVersion "1"]
[SourceVersionDate "2025.02.20"]
[SourceQuality "1"]

1. e4 c5 2. c3 d5 3. exd5 Qxd5 4. Nf3 Nc6 5. Na3 e6 6. Bc4 Qd8 7. Nc2 Nf6 8. O-O Be7 9. d4 O-O 10. Be3 b6 11. Qe2 Bb7 12. dxc5 bxc5 13. Rad1 Qc7 14. Na3 Rad8 15. h3 Ba8 16. Bg5 Rxd1 17. Rxd1 Rd8 18. Bd3 Rd7 19. Nc4 Rd8 20. Bh4 Qb7 21. Qe3 Qc7 22. Bg3 Qb7 23. Qe2 Qc8 24. Ng5 Qb7 25. Nf3 Qc8 26. Bc2 Rxd1+ 27. Qxd1 Qd7 28. Qxd7 Nxd7 29. Ba4 Nf6 30. Nfd2 Nd8 31. f3 Bc6 32. Bxc6 Nxc6 33. Kf2 Kf8 34. Nb3 Nd5 35. Nd6 f6 36. Nxc5 e5 37. Ne6+ Kg8 38. Nc8 Bf8 39. Nxf8 Kxf8 40. Ke2 Kf7 41. Nd6+ Ke6 42. Ne4 h6 43. Kd2 Nb6 44. b3 f5 45. Nc5+ Kd5 46. Nd3 g5 47. Bf2 Nc8 48. c4+ Ke6 49. Bc5 Nd6 50. Nb4 Nxb4 51. Bxb4 Nf7 52. Bc5 a6 53. b4 h5 54. a4 Kd7 55. b5 axb5 56. cxb5 Kc7 57. a5 e4 58. fxe4 f4 59. a6 Ne5 60. b6+ 1-0